|
|
|
|
| LEADER |
01373nam a2200337 a 4500 |
| 001 |
32089 |
| 003 |
BD-DhAAL |
| 005 |
20211116105401.0 |
| 008 |
171030s2008 enka| b 001 0 eng |
| 999 |
|
|
|c 38266
|d 38266
|
| 010 |
|
|
|a 91024557
|
| 020 |
|
|
|a 9780415955157
|
| 020 |
|
|
|a 9780415955140
|
| 020 |
|
|
|a 0415955149
|
| 020 |
|
|
|a 0415955157
|
| 040 |
|
|
|a DLC
|c DLC
|d DLC
|d BD-DhAAL
|d BD-DhAAL
|
| 050 |
0 |
0 |
|a NA4195
|b .V35 1992
|
| 082 |
0 |
0 |
|a 725.11
|2 20
|
| 100 |
1 |
|
|a Vale, Lawrence J.,
|d 1959-
|9 22056
|
| 245 |
1 |
0 |
|a Architecture, power, and national identity /
|c Lawrence J. Vale.
|
| 250 |
|
|
|a Second edition
|
| 260 |
|
|
|a London ;
|a New York :
|b Routledge, Tailor and Francis Group,
|c 2008
|
| 300 |
|
|
|a xiv, 386 pages :
|b illustrations., maps ;
|c 27 cm.
|
| 504 |
|
|
|a Includes bibliographical references (pages 347-378) and index.
|
| 526 |
|
|
|a ARC
|
| 541 |
|
|
|e 32089
|a Trim Education
|
| 650 |
|
0 |
|a Capitols.
|9 22057
|
| 650 |
|
0 |
|a Architecture
|9 42693
|
| 942 |
|
|
|2 ddc
|c BK
|
| 952 |
|
|
|0 0
|1 0
|2 ddc
|4 0
|6 725_110000000000000_VAL
|7 0
|9 61023
|a BRACUL
|b BRACUL
|c GEN
|d 2017-10-31
|e Karim International
|g 3230.00
|l 1
|o 725.11 VAL
|p 3010032044
|r 2022-02-15
|s 2022-02-14
|t 1
|v 3230.00
|w 2017-10-30
|y BK
|
| 952 |
|
|
|0 0
|1 0
|2 ddc
|4 0
|6 725_110000000000000_VAL
|7 0
|9 61308
|a BRACUL
|b BRACUL
|c GEN
|d 2017-10-31
|e Trim Education
|g 3290.00
|l 1
|o 725.11 VAL
|p 3010032089
|r 2018-06-24
|s 2018-03-29
|t 2
|v 3290.00
|w 2017-10-30
|y BK
|